Guess the kpop idol ? - Statistiques

Statistiques générales
  • Ce quiz a été pris 232 fois
    208 depuis la dernière actualisation
  • Le résultat moyen est 5 sur 8
Statistiques - réponses
Par images Réponse % Correct
Felix
100%
Jisoo
100%
Nayeon
100%
RM
100%
Changbin
95%
Jin
94%
Rose
94%
Yeji
94%
Giselle
92%
Jennie
92%
Chaewon
91%
Jimin
91%
Asa
89%
Hwasa
89%
Lee Know
87%
Jihyo
86%
Jungkook
85%
Karina
85%
Lia
83%
Rami
83%
Yuqi
83%
J-hope
82%
Soyeon
82%
Ning Ning
81%
Chiquita
77%
Gdragon
77%
Tzuyu
77%
Yuna
77%
Jake
75%
Winter
75%
Lalisa
73%
Minnie
73%
Mi-Yeon
73%
Ahyeon
71%
Chaeryeong
67%
Momo
67%
Ryujin
67%
Irene
64%
Minho
64%
Minji
64%
Won-young
64%
CL
62%
Liz
60%
Rei
56%
Soojin
56%
Kazuha
55%
Eun Chae
50%
Haerin
50%
Solar
50%
Somi
50%
Cha Eun-Woo
47%
Sakura
47%
Hanni
44%
Baekhyun
43%
Yujin
36%
Hyein
27%
ten
25%
Kang Daniel
22%
Wendy
21%
Jaemin
20%
Taeyeon
20%
Rora
13%
Nancy
10%
JooE
9%
Bang Chang
7%
Minzy
6%
Chungha
0%
Kay
0%
Aucun quiz correspondant
Distribution des résultats
% des personnes avec chaque résultat
Percentile par nombre de réponses
Votre historique - résultats
Vous n’avez pas pris ce quiz depuis la dernière actualisation